The Autobiography of a seaman. By Thomas, Tenth Earl of Dundonald, G.C.B., Admiral of the Red, Rear Admiral of the Fleet, etc., etc. Volume the first. {Volume the second} Second edition

Salvato in:
Dettagli Bibliografici
Autore principale: Cochrane, Tomas Alejandro (Autore)
Natura: Libro
Lingua:inglese
Pubblicazione: Londres Richard Bentley, New Burlington street, Publisher in Ordinary to Her Majesty 1860
Edizione:2a. ed
Soggetti:
Tags: Aggiungi Tag
Nessun Tag, puoi essere il primo ad aggiungerne!!

MARC

LEADER 00000nam a2200000 a 4500
001 UCJ6672
003 CL-VaPUC
008 070124e18600000UK |||||||||||||||||eng|d
082 0 4 |a 923  |b COC  |2 21 
100 |a Cochrane, Tomas Alejandro  |e author  |9 513165 
245 1 4 |a The Autobiography of a seaman. By Thomas, Tenth Earl of Dundonald, G.C.B., Admiral of the Red, Rear Admiral of the Fleet, etc., etc. Volume the first. {Volume the second} Second edition 
250 |a 2a. ed 
300 |a 2 v 
942 |c BK 
945 |d 20070124 00:00:00  |a rinostro 
260 |a Londres  |b Richard Bentley, New Burlington street, Publisher in Ordinary to Her Majesty  |c 1860 
500 |a Tratándose de una biografía de Lord Cochrane, estrechamente vinculado a la Independencia de Chile y a la Historia de nuestra Marina de Guerra, resulta extraño que el autor no mencione para nada su paso por Chile. Ambos vols. traen Ex libris de F. E. Merino 
600 0 7 |a MERINO, F. E.  |2 CL-VaPUC  |9 513758 
650 7 |a BIOGRAFIA  |2 CL-VaPUC  |9 504622 
650 7 |a DOCUMENTOS  |2 CL-VaPUC  |9 366450 
650 0 |a Guerra de la independencia   |9 331979 
650 0 |a Mapas  |9 260844 
650 7 |a EX LIBRIS  |2 CL-VaPUC  |9 505186 
650 7 |a MARCA TIPOGRAFICA  |2 CL-VaPUC  |9 506100 
583 |a last modification  |c 20130515 01:21:54  |k Rodrigo Vera 
999 |c 322774  |d 322772 
952 |0 0  |1 0  |4 0  |6 923_000000000000000_COC_1860  |7 0  |8 X  |9 401846  |a FDOBUD  |b FDOBUD  |d 2019-11-22  |h v.1  |i 1050974  |o 923 COC 1860  |p 1050974  |r 2019-11-22  |w 2019-11-22  |y BK_X  |k BUD 
952 |0 0  |1 0  |4 0  |6 923_000000000000000_COC_1860  |7 0  |8 X  |9 401847  |a FDOBUD  |b FDOBUD  |d 2019-11-22  |h v.2  |i 1050982  |o 923 COC 1860  |p 1050982  |r 2019-11-22  |w 2019-11-22  |y BK_X  |k BUD